Oklahoma City Thunder Quiz - Statistics

General Stats
  • This quiz has been taken 8 times
  • The average score is 18 of 22
Answer Stats
Question Answer % Correct
When did the Thunder become the Thunder? 2008
100%
When was their second chip? 2025
100%
Third big three player 3 Chet Holmgren
100%
First big three player 2 Gary Payton
100%
Who did they beat for their second chip? Indiana Pacers
100%
Third big three player 2 Jalen Williams
100%
Second big three player 3 James Harden
100%
Who did they draft in 2008? Kevin Durant
100%
Second big three player 1 Kevin Durant
100%
Who is their head coach from 2020-Present? Mark Daigneault
100%
Second big three player 2 Russell Westbrook
100%
What were the Thunder before changing? Seattle Supersonics
100%
Third big three player 1 Shai Gilgeous-Alexander
100%
First big three player 1 Shawn Kemp
100%
When was their first chip? 1979
75%
What is their best record? 68-14
75%
Who is the Thunder's biggest rival? Denver Nuggets
75%
Who was their head coach from 2015-2020? Billy Donovan
50%
First big three player 3 Detlef Schrempf
50%
What is the main college team in Oklahoma? Oklahoma Sooners
50%
Who was their head coach from 1977-2005? Lenny Wilkens
25%
Who did the beat for their first chip? Washington Bullets
25%
No matching quizzes found
Score Distribution
Percent of People with Each Score
Percentile by Number Answered
Your Score History
You have not taken this quiz